Women in india grass under stone/ (Record no. 207656)

MARC details
000 -LEADER
fixed length control field 00635nam a22001937a 4500
005 - DATE AND TIME OF LATEST TRANSACTION
control field 20241212154515.0
010 ## - LCCN (DPL NO)
LC control number ENG-143027
020 ## - INTERNATIONAL STANDARD BOOK NUMBER
International Standard Book Number 9789380752655
Terms of availability 895.00
035 ## - SYSTEM CONTROL NUMBER
System control number EN-126559
037 ## - SOURCE OF ACQUISITION
Source of stock number/acquisition DBAD
082 00 - DEWEY DECIMAL CLASSIFICATION NUMBER
Classification number 305.4
Edition number 1
100 ## - MAIN ENTRY--PERSONAL NAME
Personal name Niranjan Pani
245 10 - TITLE STATEMENT
Title Women in india grass under stone/
Statement of responsibility, etc by Niranjan Pani [and] Prativa Panda
260 ## - PUBLICATION, DISTRIBUTION, ETC. (IMPRINT)
Place of publication, distribution, etc New Delhi
Name of publisher, distributor, etc Kunal Books
Date of publication, distribution, etc 2012
270 ## - ADDRESS
Address 4648/21, First Floor, Ansari Road, Daryaganj
City New Delhi
Postal code 110002
Telephone number 011-23275069
Electronic mail address kunalbooks@gmail.com
300 ## - PHYSICAL DESCRIPTION
Extent 293p.
Dimensions 22cm.(Hb)
500 ## - GENERAL NOTE
General note It include index
942 ## - ADDED ENTRY ELEMENTS (KOHA)
Source of classification or shelving scheme Dewey Decimal Classification
Item type English Books
Classification part 305.4
Call number suffix PAN
Holdings
Withdrawn status Lost status Not for loan Collection code Home library Current library Date acquired Source of acquisition Cost, normal purchase price Full call number Barcode Copy number Cost, replacement price Koha item type
      Non-fiction Ashok Vihar Ashok Vihar 12/12/2024 Delivery of Books Division 895.00 305.4 PAN EN-126559 1 895.00 English Books

© Delhi Public Library
Hit Counter
free hit counter